LEADER 00827nas a2200229 i 4500 001 000000175017 003 CaOOAMICUS 005 20081104000000.0 008 081020b2008 it uu u0 0ita r 013 $a152494 020 $a978-88-220-8731-7 040 $aSeMil$bita 245 10$a[2008 : settembre-ottobre]. 260 $aBari :$bDedalo,$c2008. 300 $a80 p. ;$c28 cm. 773 0 $tCritica Marxista.$dRoma : Editori Riuniti, 1963.$x0011-152X$w()2160 850 $aSeMil 852 $aSeMil$W1$xVenegono$y1$m228 4 92$j125842$B125842$CSeMilBibl$Z2$F136872 $85 961 $aAbbonamento: Dedalo 996 $6020$a978-88-220-8731-7$9(OLS)http://semarc/number/163119 996 $6245$a[2008 : settembre-ottobre]$9(OLS)http://semarc/title/250529 996 $6260$aBari :$bDedalo$9(OLS)http://semarc/publisher/30763 LEADER 01132nas a2200229 i 4500 001 000000023664 003 CaOOAMICUS 005 20180830125446.0 008 180830s1926 it uu u0 0ita r 022 $a0005-8955 040 $aSeMil$bita 240 10$aBergomum : studi di storia, arte e letteratura.$0(OLS)http://semarc/title/31754 245 10$aBergomum :$bBollettino della Civica Biblioteca. 260 $aBergamo :$bTipografia Vescovile G. Secomandi,$c1926. 300 $a24 cm. 500 $aTrimestrale. - Descrizione basata sull'Anno 75. (1981). 500 $aConsistenza: A. 75., Fasc. 1.-4. (Gennaio-Dicembre 1981) 700 1 $aCivica Biblioteca "Angelo Mai" .$0(OLS)http://semarc/name/10545 774 0 $aCamozzi, Ermenegildo$tIstituzioni monastiche e religiose a Bergamo nel Seicento.$dBergamo : Tipografia Vescovile G. Secomandi, 1981 (stampa 1982)$w()121070 996 $6022$a0005-8955$9(OLS)http://semarc/number/1252 996 $6245$aBergomum :$bBollettino della Civica Biblioteca$9(OLS)http://semarc/title/31753 996 $6260$aBergamo :$bTipografia Vescovile G. Secomandi$9(OLS)http://semarc/publisher/35981